Cryptography and network security (Record no. 8435)

MARC details
000 -LEADER
fixed length control field 00338nam a22001337a 4500
008 - FIXED-LENGTH DATA ELEMENTS--GENERAL INFORMATION
fixed length control field 200130b ||||| |||| 00| 0 eng d
020 ## - INTERNATIONAL STANDARD BOOK NUMBER
International Standard Book Number 9789332585225
082 ## -
Classification number 005.82 STC
100 ## - MAIN ENTRY--PERSONAL NAME
Personal name STALLINGS,William
245 ## - TITLE STATEMENT
Title Cryptography and network security
250 ## - EDITION STATEMENT
Edition statement 17th
260 ## - PUBLICATION, DISTRIBUTION, ETC. (IMPRINT)
Place of publication, distribution, etc NEW DELHI
Name of publisher, distributor, etc Pearson Education
Date of publication, distribution, etc 2017
Holdings
Withdrawn status Lost status Source of classification or shelving scheme Damaged status Koha normalized classification for sorting Not for loan Koha collection Location (home branch) Sublocation or collection (holding branch) Date acquired Source of acquisition Currency Cost, normal purchase price Bill Number Koha issues (times borrowed) Koha full call number Piece designation (barcode) Koha date last seen Koha date last borrowed Copy number Actual Cost, discounted price Bill Date Koha item type Koha out on loan
    Dewey Decimal Classification   005_820000000000000_STC   BCA PIET C-LIBRARY PIET C-LIBRARY 30/01/2020 KIRTI PRAKASHAN IN RUPEES 749.00 IN5958 1 005.82 STC BC1354 31/01/2023 22/11/2022 1 509.20 03/01/2020 Text Books  
    Dewey Decimal Classification   005_820000000000000_STC   BCA PIET C-LIBRARY PIET C-LIBRARY 30/01/2020 KIRTI PRAKASHAN IN RUPEES 749.00 IN5958 1 005.82 STC BC1355 06/10/2025 06/10/2025 2 509.20 03/01/2020 Text Books 24/04/2026
    Dewey Decimal Classification   005_820000000000000_STC   BCA PIET C-LIBRARY PIET C-LIBRARY 30/01/2020 KIRTI PRAKASHAN IN RUPEES 749.00 IN5958   005.82 STC BC1356 30/01/2020   3 509.20 03/01/2020 Text Books  
    Dewey Decimal Classification   005_820000000000000_STC   BCA PIET C-LIBRARY PIET C-LIBRARY 30/01/2020 KIRTI PRAKASHAN IN RUPEES 749.00 IN5958 1 005.82 STC BC1357 28/08/2023 18/03/2023 4 509.20 03/01/2020 Text Books  
    Dewey Decimal Classification   005_820000000000000_STC   BCA PIET C-LIBRARY PIET C-LIBRARY 30/01/2020 KIRTI PRAKASHAN IN RUPEES 749.00 IN5958   005.82 STC BC1358 30/01/2020   5 509.20 03/01/2020 Text Books  

Design & Developed by: PIET Central Library
R70 Miles Stone Pattikalyana Samalkha Panipat 132102
mail ID :- [email protected], Phone No:- 0180-2569700 Ex.216